000 00436nam a2200145 i 4500
001 88554
003 ES-MaACL
007 t|
008 050104s1927 cu ||||1| spa d
100 1 _aLamas Schweyer, Alberto.
_969785
245 1 0 _aBiología de la democracia
_b: (ensayo de sociología americana) /
_cAlberto Lamas Schweyer.
260 _aLa Habana :
_b[s.n.,
_c1927] (
_fImp. Fígaro)
300 _a144 p.
852 _aES-MaACL
_jB-9037
999 _c88554
_d88554